Poetas líricos de los siglos XVI y XVII colección ordenada por Don Adolfo de Castro
שמור ב:
| פורמט: | ספר |
|---|---|
| שפה: | Undetermined |
| יצא לאור: |
Madrid, España
Rivadeneyra
1872
|
| סדרה: | Biblioteca de autores españoles, desde la formación del lenguaje hasta nuestros días
Tomo 32 |
| נושאים: | |
| גישה מקוונת: | Acceso al texto completo |
| תגים: |
הוספת תג
אין תגיות, היה/י הראשונ/ה לתייג את הרשומה!
|
MARC
| LEADER | 00000nam a2200000Ia 4500 | ||
|---|---|---|---|
| 008 | 170316s9999 xx 000 0 und d | ||
| 040 | |a cru BVZT | ||
| 090 | |a R-413 P-2p T.32 V.I BAE | ||
| 245 | |a Poetas líricos de los siglos XVI y XVII |b colección ordenada por Don Adolfo de Castro |c Manuel Rivadeneya, editor ; Adolfo de Castro, compilador | ||
| 260 | |a Madrid, España | ||
| 260 | |b Rivadeneyra | ||
| 260 | |c 1872 | ||
| 300 | |a XXXVI, 553 páginas |b Volumen I | ||
| 490 | |a Biblioteca de autores españoles, desde la formación del lenguaje hasta nuestros días |v Tomo 32 | ||
| 650 | |a REFERENCIA | ||
| 650 | |a POESÍA LíRICA | ||
| 650 | |a LITERATURA CLÁSICA | ||
| 650 | |a ESPAÑA | ||
| 856 | |u https://babel.hathitrust.org/cgi/pt?id=mdp.39015008525795;view=1up;seq=7 |y Acceso al texto completo | ||
| 942 | |c REF | ||
| 999 | |c 14846 |d 14846 | ||
